000 00336 a2200109 4500
001 ART_26112
005 20260410161928.0
008 260409a
245 1 0 _aMulticulturalismo, género y derechos humanos
100 1 _aCroxatto, Guido Leonardo
773 0 _tDerechos humanos
_g- Año III, Nº 5 (jun. 2014)
_wREV22278
999 _c28321
_d28321